Vplyv korporátnej dane z príjmov na podnikateľské prostredie Slovenskej republiky bakalárska práca

Na minha lista:
Detalhes bibliográficos
Autor principal: Kredatus, Andrej
Autor Corporativo: Národohospodárska fakulta EU. Katedra financií
Outros Autores: Rimeš, Michal, 1996-
Formato: Livro
Idioma:eslovaco
Publicado em: Bratislava 2025
Tags: Adicionar Tag
Sem tags, seja o primeiro a adicionar uma tag!

MARC

LEADER 00000nbm a2200000 4500
001 0309254
005 20260120100229.8
041 0 |a slo 
044 |a SK 
245 1 0 |a Vplyv korporátnej dane z príjmov na podnikateľské prostredie Slovenskej republiky  |b bakalárska práca  |c Andrej Kredatus ; školiteľ: Michal Rimeš 
264 1 |a Bratislava  |c 2025 
300 |a 49 s. 
100 1 |a Kredatus, Andrej 
700 1 |a Rimeš, Michal, 1996- 
710 2 |a Národohospodárska fakulta EU. Katedra financií